Central Library OPAC University of Rajshahi

The merchant banking arena : (Record no. 3433)

MARC details
000 -LEADER
fixed length control field 00931cam a2200253 4500
001 - CONTROL NUMBER
control field 3433
003 - CONTROL NUMBER IDENTIFIER
rucl marc code BD-RjUL
005 - DATE AND TIME OF LATEST TRANSACTION
control field 20211208233729.0
008 - FIXED-LENGTH DATA ELEMENTS--GENERAL INFORMATION
fixed length control field 131219s1967 enkc b 001 0 eng
035 ## - SYSTEM CONTROL NUMBER
System control number (BD-RjUL)3467
040 ## - CATALOGING SOURCE
Original cataloging agency DLC
Transcribing agency DLC
Modifying agency DLC
Language of cataloging eng
041 ## - LANGUAGE CODE
Language code of text/sound track or separate title eng
082 00 - DEWEY DECIMAL CLASSIFICATION NUMBER
Classification number 332.120942
Author mark and year KEM 1967
100 1# - MAIN ENTRY--PERSONAL NAME
Personal name Kellett, Richard,
Dates associated with a name 1929-
9 (RLIN) 10787
245 14 - TITLE STATEMENT
Title The merchant banking arena :
Remainder of title with case-studies /
Statement of responsibility, etc. Richard Kellett
260 ## - PUBLICATION, DISTRIBUTION, ETC. (IMPRINT)
Place of publication, distribution, etc. London ;
-- Melbourne [etc.] ,
Name of publisher, distributor, etc. Macmillan ;
Place of publication, distribution, etc. New York :
Name of publisher, distributor, etc. St. Martin's P. ,
Date of publication, distribution, etc. c1967.
300 ## - PHYSICAL DESCRIPTION
Pagination xvii, 182 p. :
Illustrations front. (ports.). ;
Size 22 cm.
504 ## - BIBLIOGRAPHY, ETC. NOTE
Bibliography, etc Bibliographical references included in "Notes" (p. [166]-170) and index.
650 #0 - SUBJECT ADDED ENTRY--TOPICAL TERM
Topical term or geographic name as entry element Merchant banks
Geographic subdivision Great Britain.
9 (RLIN) 10788
856 ## - ELECTRONIC LOCATION AND ACCESS
Uniform Resource Identifier <a href="http://www.worldcat.org/title/merchant-banking-arena-with-case-studies/oclc/955801&referer=brief_results">http://www.worldcat.org/title/merchant-banking-arena-with-case-studies/oclc/955801&referer=brief_results</a>
942 ## - ADDED ENTRY ELEMENTS (KOHA)
Source of classification or shelving scheme Dewey Decimal Classification
Koha item type Books
Holdings
Lost status Source of classification or shelving scheme Damaged status Not for loan Collection code Permanent Location Current Location Shelving location Date acquired Source of acquisition Cost, normal purchase price Total Checkouts Full call number Date last seen Copy number Koha item type
  Dewey Decimal Classification     Non-fiction Central Library, University of Rajshahi Central Library, University of Rajshahi   30/11/1968 Zeitlinger 30.00   332.120942 KEM 1967 19/12/2013 C-2 Books
  Dewey Decimal Classification     Non-fiction Central Library, University of Rajshahi Central Library, University of Rajshahi   30/11/1968 Zeitlinger 30.00   332.120942 KEM 1967 25/06/2016 C-3 Books
  Dewey Decimal Classification     Non-fiction Central Library, University of Rajshahi Central Library, University of Rajshahi   30/11/1968 Zeitlinger 30.00   332.120942 KEM 1967 25/06/2016 C-4 Books